| 000 | 00754nam a22002411 4500 | ||
|---|---|---|---|
| 001 | 10434 | ||
| 003 | BD-RjUL | ||
| 005 | 20211208234942.0 | ||
| 008 | 140123s1965 nyua b 000 0 eng d | ||
| 035 | _a(BD-RjUL)10482 | ||
| 040 |
_aDLC/ICU _cICU _d(BD-RjUL) _beng |
||
| 041 | _aeng | ||
| 082 | 0 | 0 |
_a547 _bROC |
| 100 | 1 |
_aRosenblum, Myron. _932240 |
|
| 245 | 1 | 0 |
_aChemistry of the iron group metallocenes: _bferrocene, ruthenocene, osmocene / _cRosenblum, Myron |
| 260 |
_aNew York : _bInterscience Publishers, _c[1965- |
||
| 300 |
_apt. : _bill. ; _c24 cm. |
||
| 504 | _aIncludes bibliographies. | ||
| 650 | 0 |
_aOrganoiron compounds. _932242 |
|
| 942 |
_2ddc _cBK |
||
| 999 |
_c10434 _d10434 |
||